Loading...
Scheduled tribe child labour
| Main Author: | |
|---|---|
| Format: | Printed Book |
| Published: |
Udaipur
Shiva
1996
|
| LEADER | 00359nam a22001097a 4500 | ||
|---|---|---|---|
| 082 | |a 331.31 |b FAR. S | ||
| 100 | |a Shah, Farida | ||
| 245 | |a Scheduled tribe child labour | ||
| 260 | |a Udaipur |b Shiva |c 1996 | ||
| 942 | |c BK | ||
| 999 | |c 11255 |d 11255 | ||
| 952 | |0 0 |1 0 |4 0 |6 331_310000000000000_FAR__S |7 0 |9 13369 |a CAMPUS |b CAMPUS |d 2017-07-14 |l 0 |o 331.31 FAR. S |p 08151 |r 2017-07-14 |w 2017-07-14 |y BK | ||